000 00656cam a22002537a 4500
003 CHAP
005 20220329134810.0
008 971013s1938 r 00010 d
010 _a26135
011 _a27107
035 _a31208
040 _cCHAP
082 _a332.4
_bB87
100 0 0 _aBurns, Emilio.
_916244
245 1 3 _aEl dinero
260 _aMéxico, D. F. :
_bEd. Revolucionaria,
_c1938
300 _a159 p.
590 _aBATCH-UPD
_b10
_c20130110
_lUCH01
_h1401
590 _aCONVERSION
_b10
_c20130109
_lUCH01
_h1315
650 1 4 _aDinero.
_932616
901 _aBK
942 _cLIBRO
949 _a332.4 B87
_bBC
_cLIBRO
_d-72181
_eLIBRO
_i31208
_si
999 _c26135
_d26135